Código de procedimiento penal: edición oficial

שמור ב:
מידע ביבליוגרפי
פורמט: ספר
שפה:ספרדית
יצא לאור: Santiago Jurídica de Chile 1997
מהדורה:14a. ed
נושאים:
תגים: הוספת תג
אין תגיות, היה/י הראשונ/ה לתייג את הרשומה!

MARC

LEADER 00000nam a2200000 a 4500
001 UCS1446
003 CL-VaPUC
008 970509e19970000CL |||||||||||||||||spa|d
082 0 4 |a 345.8305  |b COD  |2 21 
245 1 0 |a Código de procedimiento penal: edición oficial 
250 |a 14a. ed 
300 |a 316 p 
942 |c BK 
945 |d 19970509 00:00:00  |a amoreno 
260 |a Santiago  |b Jurídica de Chile  |c 1997 
500 |a Apéndice actualizado a mayo de 1997 
650 7 |a CODIGO DE PROCEDIMIENTO PENAL  |2 CL-VaPUC  |9 256474 
650 7 |a CONDENAS  |2 CL-VaPUC  |9 371897 
650 7 |a MEDICINA LEGAL  |2 CL-VaPUC  |9 385911 
650 7 |a INVESTIGACIONES  |2 CL-VaPUC  |9 261211 
650 7 |a IDENTIFICACION  |2 CL-VaPUC  |9 261244 
650 7 |a LEY DE ALCOHOLES  |2 CL-VaPUC  |9 371899 
650 0 |a Penas   |9 255927 
650 0 |a Delincuencia  |9 335739 
583 |a last modification  |c 19970509 00:00:00  |k Rodrigo Vera 
999 |c 259531  |d 259529 
952 |0 0  |1 0  |2 ddc  |4 0  |6 345_830500000000000_COD_1997  |7 0  |8 FOND_LRYV  |9 284365  |a BIBDER  |b BIBDER  |d 2019-11-19  |i 3344509  |o 345.8305 COD 1997  |p 3344509  |r 2023-01-25  |w 2019-11-19  |y BK_X  |k DER 
952 |0 0  |1 0  |2 ddc  |4 0  |6 345_830500000000000_COD_1997  |7 0  |8 FOND_LRYV  |9 284367  |a BIBDER  |b BIBDER  |d 2019-11-19  |i 3427552  |o 345.8305 COD 1997  |p 3427552  |r 2023-01-25  |w 2019-11-19  |y BK_X  |k DER